[Event "10th EICC w"]
[Site "St Petersburg RUS"]
[Date "2009.03.09"]
[Round "2"]
[White "Foisor,C"]
[Black "Dolzhikova,K"]
[Result "1-0"]
[WhiteElo "2412"]
[BlackElo "2294"]

1.Nf3 d5 2.g3 c6 3.Bg2 Bg4 4.d3 Nf6 5.Nbd2 Nbd7 6.O-O e5 7.h3 Bh5 8.e4 Qc7
9.Qe2 dxe4 10.dxe4 Be7 11.Rd1 O-O 12.g4 Bg6 13.Nh4 Rfd8 14.Nf5 Bf8 15.Nf1 Ne8
16.N1g3 Nc5 17.Be3 Ne6 18.g5 Nd6 19.h4 Nf4 20.Qg4 Nxg2 21.Kxg2 Nc4 22.h5 Bxf5
23.exf5 Nxe3+ 24.fxe3 Rxd1 25.Rxd1 Rd8 26.g6 Rxd1 27.Qxd1 Qd6 28.Qxd6 Bxd6
29.Kf3 f6 30.h6 gxh6 31.Kg4 Bc5 32.Ne4 Be7 33.Kh5 Kg7 34.gxh7 Kxh7 35.Nf2 Bc5
36.Ng4 Kg7 37.e4 Bd4 38.c3 Bg1 39.Nxh6 Be3 40.Ng4 Bc1 41.b3 Bd2 42.c4 Kf7
43.Nf2 Be3 44.Nd3 Kg7 45.a4 Bd4 46.b4 b6 47.Ne1 Bc3 48.Nc2 Bd2 49.b5 c5 50.Kg4 Kh6
51.Kf3 Kg5 52.Ke2 Bc1 53.Ne1 Bb2 54.Kd3 Kh6 55.Ng2 Bc1 56.Nh4 Kg7 57.Kc2 Be3
58.Nf3 Kf7 59.Kd3 Bc1 60.Ne1 Ke7 61.Nc2 Kd6 62.Na1 Ba3 63.Ke2 Bb2 64.Nb3 Bc3
65.Nc1 Kd7 66.Kd3 Be1 67.Ne2 Kd6 68.Kc2 Kd7 69.Kd1 Bb4 70.Ng3 Bc3 71.Nh5 Ke7
72.Ng7 Kd7 73.Ke2 Ke7 74.Kf3 Bd2 75.Ne6 Bh6 76.Kg4 Bf8 77.Kh5 Kf7 78.Nxf8  1-0

[Event "10th EICC"]
[Site "Budva MNE"]
[Date "2009.03.10"]
[Round "5"]
[White "Maletin,P"]
[Black "Ferguson,M"]
[Result "1-0"]
[WhiteElo "2557"]
[BlackElo "2404"]

1.Nf3 d5 2.g3 c6 3.c4 Bg4 4.Qb3 Bxf3 5.exf3 Qd7 6.d4 e6 7.Nc3 Bd6 8.Bg5 h6
9.Be3 Nf6 10.c5 Be7 11.Bd3 Qc8 12.Qd1 Nbd7 13.f4 h5 14.h3 g6 15.b4 Ng8 16.Ne2 Bf6
17.Ng1 Ne7 18.Nf3 Nf5 19.O-O Bg7 20.Qc2 Qc7 21.b5 cxb5 22.Bxb5 a6 23.Bd3 Nb8
24.Rab1 Nc6 25.Rb6 O-O 26.Bxf5 exf5 27.Qb3 Qd8 28.Rb1 Re8 29.Qa4 Re4 30.Ng5 Nxd4
31.Nxe4 Nf3+ 32.Kg2 dxe4 33.Rxb7 h4 34.Qd7 Qf6 35.R1b6  1-0

[Event "10th EICC w"]
[Site "St Petersburg RUS"]
[Date "2009.03.10"]
[Round "3"]
[White "Kharashuta,E"]
[Black "Zakharova,Al"]
[Result "1-0"]
[WhiteElo "2304"]
[BlackElo "2152"]

1.Nf3 d5 2.g3 Nf6 3.Bg2 c6 4.c4 dxc4 5.O-O Nbd7 6.a4 a5 7.Na3 Nb6 8.Qc2 Qd5
9.Ne1 Qf5 10.e4 Qh5 11.Nxc4 Nxc4 12.Qxc4 e5 13.d4 Bd6 14.f4 exf4 15.gxf4 Bb8
16.e5 Nd7 17.f5 O-O 18.Ra3 Nb6 19.Qc2 Qh4 20.Rh3 Qxd4+ 21.Be3 Qxa4 22.Qe2 Bxe5
23.Qh5 h6 24.Bxh6 gxh6 25.Rh4 Qa1 26.Qxh6 Bxf5 27.Rxf5 Qxe1+ 28.Bf1 Qxh4
29.Qxh4 Bg7 30.Qg3 f6 31.Qb3+ Nd5 32.Bc4 Rf7 33.Rxd5 cxd5 34.Bxd5 Rf8 35.Qxb7 f5
36.Kg2 Bd4 37.Qb3 Kg7 38.Qg3+ Kf6 39.Qd6+ Kg5 40.Bxf7 Rxf7 41.Qxd4 Rb7 42.Qd8+ Kf4
43.Qd2+ Kg4 44.h3+ Kh5 45.h4 Rg7+ 46.Kh3 a4 47.Qc2  1-0

[Event "10th EICC"]
[Site "Budva MNE"]
[Date "2009.03.12"]
[Round "7"]
[White "Minasian,Art"]
[Black "Ferguson,M"]
[Result "1-0"]
[WhiteElo "2557"]
[BlackElo "2404"]

1.Nf3 d5 2.g3 c6 3.Bg2 Bg4 4.d3 Nd7 5.h3 Bh5 6.e4 e6 7.Nc3 Bd6 8.Qe2 Ne7
9.g4 Bg6 10.e5 Bc7 11.Bg5 h6 12.Bh4 a6 13.Bg3 Qb8 14.O-O-O b5 15.Rde1 b4
16.Nb1 a5 17.Nh4 Bh7 18.f4 a4 19.f5 b3 20.cxb3 axb3 21.a3 Ra5 22.Nc3 d4 23.Ne4 Bxe5
24.Bxe5  1-0

[Event "10th EICC"]
[Site "Budva MNE"]
[Date "2009.03.12"]
[Round "7"]
[White "Khalifman,A"]
[Black "Nyzhnyk,I"]
[Result "1/2-1/2"]
[WhiteElo "2622"]
[BlackElo "2504"]

1.Nf3 d5 2.g3 Nf6 3.Bg2 c6 4.c4 dxc4 5.O-O g6 6.Na3 Bg7 7.Nxc4 O-O 8.b3 Nbd7
9.Bb2 Nb6 10.Qc2 h6 11.d3 Be6 12.Na5 Qd7 13.Rac1 Rad8 14.b4 Qc8 15.a3 Nbd5
16.Rfd1 Qa8 17.h3 Nc7 18.e4 Rc8 19.d4 Rfd8 20.Qe2 Nh7 21.Qe3 Nb5 22.a4 Nd6
23.Ne5 Nf8 24.Ba1 f6 25.Nf3 Bf7 26.Nd2 Ne8 27.b5 cxb5 28.axb5 Nc7 29.Rb1 Nd7
30.d5 Nb6 31.Nf3 e5 32.h4 Ne8 33.Bh3 Rc7 34.Rdc1 Rxc1+ 35.Qxc1  1/2-1/2

[Event "FIDE Women's Grand Prix"]
[Site "Instanbul TUR"]
[Date "2009.03.12"]
[Round "5"]
[White "Danielian,E"]
[Black "Mamedjarova,Z"]
[Result "1/2-1/2"]
[WhiteElo "2496"]
[BlackElo "2362"]

1.Nf3 d5 2.g3 Nf6 3.Bg2 Nbd7 4.d4 e6 5.O-O Be7 6.c4 O-O 7.Qc2 c6 8.Nbd2 b6
9.e4 Ba6 10.Re1 Rc8 11.b3 c5 12.exd5 exd5 13.Ba3 Re8 14.cxd5 Nxd5 15.Qb2 Nb4
16.Bxb4 cxb4 17.Ne4 Nf6 18.Nxf6+ Bxf6 19.Ne5 Bb5 20.Rac1 Qd6 21.Rxc8 Rxc8
22.h4 Rd8 23.Re4 Ba6 24.Re1 g6 25.Qc1 Kg7 26.h5 Bxe5 27.h6+ Kf8 28.dxe5 Qd2
29.Qxd2 Rxd2 30.Rc1 Ke7 31.Bf3 Kd8 32.Bg2 Ke7 33.Bf3 Kd8 34.Kg2 Bb5 35.Bg4 Bd7
36.Bxd7 Kxd7 37.Rc4 Rxa2 38.Rxb4 Re2 39.Rd4+ Ke6 40.Rd8 Rxe5 41.Rh8 Rh5 42.Rxh7 Kf6
43.g4 Rh4 44.Kg3 g5 45.f4 Kg6 46.Rg7+ Kxh6 47.Rxf7 Rh1 48.fxg5+ Kxg5 49.Rg7+ Kf6
50.Rxa7 Rb1 51.Ra3 Ke5 52.Kh4 b5 53.Ra8 Kd4 54.g5 Kc3 55.Rf8 Rh1+ 56.Kg4 Rg1+
57.Kh5 Kxb3 58.g6 b4 59.Kh6 Kc2 60.Rf2+ Kc3 61.g7 b3 62.Kh7 b2 63.Rxb2 Rxg7+  1/2-1/2

[Event "10th EICC w"]
[Site "St Petersburg RUS"]
[Date "2009.03.12"]
[Round "5"]
[White "Zaiatz,E"]
[Black "Kochetkova,J"]
[Result "1/2-1/2"]
[WhiteElo "2364"]
[BlackElo "2315"]

1.Nf3 d5 2.g3 Nf6 3.Bg2 c6 4.O-O Bg4 5.d4 e6 6.c4 Be7 7.Nc3 O-O 8.Qb3 Qb6
9.Bf4 Nbd7 10.c5 Qa6 11.Rfe1 b6 12.Bd6 Bxd6 13.cxd6 Bxf3 14.Bxf3 Ne8 15.e4 Nxd6
16.exd5 cxd5 17.Qb4 Nf5 18.Bg4 Nf6 19.Bxf5 exf5 20.Re5 Rad8 21.Rxf5 Qd3 22.Re5 Ng4
23.Re2 h5 24.Rd1 Qf5 25.Qb5 h4 26.Qd3 Qxd3 27.Rxd3 hxg3 28.hxg3 Rd7 29.f3 Nf6
30.Rde3 Rc8 31.g4 Kf8 32.Rh2 Rc4 33.g5 Ng8 34.Rh4 g6 35.Re5 Ne7 36.Rh8+ Kg7
37.Re8 Nc6 38.Rxd5 Rxd5 39.Nxd5 Nxd4 40.f4 Ne6 41.Nf6 Nf8 42.Ra8 Rxf4 43.Ne8+  1/2-1/2

[Event "Tancats de la Societat Coral C"]
[Site "Sabadell ESP"]
[Date "2009.03.13"]
[Round "8"]
[White "Rodriguez,Am"]
[Black "Moskalenko,V1"]
[Result "1/2-1/2"]
[WhiteElo "2479"]
[BlackElo "2538"]

1.Nf3 d5 2.g3 c6 3.Bg2 Nf6 4.O-O Bg4 5.d4 Nbd7 6.Nbd2 e6 7.Re1 Be7 8.e4 O-O
9.c3 c5 10.exd5 Nxd5 11.Nc4 Rc8 12.Ne3 Nxe3 13.Bxe3 Qc7 14.Bf4 Bd6 15.Bxd6 Qxd6
16.dxc5 Qxd1 17.Raxd1 Nxc5 18.Rd4  1/2-1/2

[Event "10th EICC w"]
[Site "St Petersburg RUS"]
[Date "2009.03.13"]
[Round "6"]
[White "Foisor,C"]
[Black "Ovod,E"]
[Result "1-0"]
[WhiteElo "2412"]
[BlackElo "2430"]

1.Nf3 d5 2.g3 c5 3.Bg2 Nc6 4.c4 d4 5.d3 e5 6.O-O Be7 7.e3 Be6 8.exd4 exd4
9.a3 h5 10.b4 cxb4 11.axb4 Bxb4 12.Qa4 Ne7 13.Ne5 Qb6 14.Ba3 Bxa3 15.Nxa3 Qc5
16.Rfe1 O-O 17.Qb5 Qd6 18.Nxc6 bxc6 19.Qxh5 Rab8 20.c5 Qd7 21.Nc4 Bxc4 22.dxc4 Rb4
23.Qe5 Nc8 24.Bf1 Rd8 25.Bd3 Rb7 26.h4 Ne7 27.Kg2 Qg4 28.Re4 Ng6 29.Qxg7+ Kxg7
30.Rxg4 Kh6 31.Re4 Rb3 32.Rd1 Rc3 33.f4 a5 34.f5 Nf8 35.g4 f6 36.Kg3 a4 37.Kf4 Rd7
38.g5+ Kg7 39.Re8 a3 40.Ra8 Rb7 41.Be4 d3 42.gxf6+ Kf7 43.Bxc6 Rxc4+ 44.Ke3  1-0

[Event "10th EICC"]
[Site "Budva MNE"]
[Date "2009.03.14"]
[Round "8"]
[White "Berczes,D"]
[Black "Lekic,D"]
[Result "1-0"]
[WhiteElo "2513"]
[BlackElo "2390"]

1.Nf3 d5 2.g3 c6 3.Bg2 Bg4 4.c4 e6 5.O-O Nd7 6.cxd5 cxd5 7.d3 Ngf6 8.Nc3 Bc5
9.Qb3 Qb6 10.Qxb6 Bxb6 11.Bf4 O-O 12.Rac1 a6 13.Rc2 Rfe8 14.h3 Bxf3 15.Bxf3 h6
16.g4 e5 17.Bg3 e4 18.Bg2 Nc5 19.d4 Ncd7 20.e3 Ba5 21.Rfc1 b5 22.Ne2 g5 23.Bc7 Bxc7
24.Rxc7 Kg7 25.Ng3 Kg6 26.Kf1 Re6 27.Nf5 h5 28.f3 Rh8 29.Kg1 Rhe8 30.b3 a5
31.Ra7 a4 32.Rcc7 Rd8 33.Kf2 exf3 34.Bxf3 hxg4 35.hxg4 axb3 36.axb3 Rb6 37.Ne7+ Kg7
38.Nxd5 Nxd5 39.Bxd5 Rd6 40.Bc6 Rf6+ 41.Bf3 Nf8 42.Rc5  1-0

[Event "10th EICC"]
[Site "Budva MNE"]
[Date "2009.03.14"]
[Round "8"]
[White "Hera,I"]
[Black "Caruana,F"]
[Result "1-0"]
[WhiteElo "2527"]
[BlackElo "2646"]

1.Nf3 d5 2.g3 c6 3.Bg2 Bg4 4.b3 Nd7 5.Bb2 Ngf6 6.O-O e6 7.d3 Bd6 8.h3 Bxf3
9.Bxf3 h5 10.Bg2 h4 11.g4 Ne5 12.e3 Bc7 13.Nd2 Ng6 14.f4 e5 15.f5 Nf8 16.c4 Qd6
17.cxd5 Nxd5 18.Nc4 Qe7 19.d4 Nd7 20.Rc1 N7b6 21.Bxd5 cxd5 22.Nxe5 Bd6 23.Qf3 Qf6
24.a4 a5 25.Rc2 O-O 26.Rg2 Qg5 27.Bc1 Rac8 28.Bd2 Bb4 29.Qd1 Rfe8 30.f6 g6
31.Bc1 Rxe5 32.dxe5 Qxe5 33.Qd4 Qe6 34.Bd2 Bc5 35.Qf4 Nd7 36.Qh6 Nxf6 37.Rgf2 Ne4
38.Rxf7 Qxf7 39.Rxf7 Kxf7 40.Qh7+ Kf6 41.Qxb7 Rd8 42.Qc7 Rd6 43.Bc3+ d4 44.Bxd4+ Bxd4
45.exd4 Rxd4 46.Qxa5 Rd1+ 47.Kg2 Rb1 48.Qd5 Rb2+ 49.Kf3 Ng5+ 50.Ke3 Ne6 51.g5+ Ke7
52.a5 Rh2 53.Qb7+ Kd6 54.Qb8+ Nc7 55.Qb4+ Kc6 56.Qxh4 Nd5+ 57.Kf3 Rb2 58.Qa4+  1-0

[Event "10th EICC w"]
[Site "St Petersburg RUS"]
[Date "2009.03.14"]
[Round "7"]
[White "Minina,V"]
[Black "Zimina,O"]
[Result "1/2-1/2"]
[WhiteElo "2125"]
[BlackElo "2363"]

1.Nf3 d5 2.g3 Bg4 3.Bg2 Nd7 4.c4 e6 5.cxd5 exd5 6.O-O Ngf6 7.d3 Bc5 8.Nc3 O-O
9.h3 Bh5 10.Qb3 Nb6 11.e4 Re8 12.Nh4 dxe4 13.dxe4 Qd3 14.Bf4 c6 15.Nd5 Qxb3
16.Nxf6+ gxf6 17.axb3 Bd4 18.Nf5 Bxb2 19.Rae1 Bg6 20.Nh6+ Kg7 21.g4 Nd7 22.Re2 Nc5
23.Be3 Nd3 24.Rd1 Rad8 25.Red2 Bc1 26.Rxd3 Rxd3 27.Rxd3 Bxe3 28.Rxe3 Kxh6
29.h4 Re5 30.f4 Rc5 31.f5 Bh5 32.gxh5 Kxh5 33.Kh2 b5 34.Kg3 a5 35.Kf4 a4
36.bxa4 bxa4 37.Bf3+ Kh6 38.Ra3 Rc4 39.Bd1 Rc1 40.Bxa4 Kh5 41.Ra2 Rf1+ 42.Kg3 Rg1+
43.Rg2 Rc1 44.Rc2 Rg1+ 45.Kh2 Re1 46.Bxc6 Kxh4 47.Rg2 h5 48.Bd5 Rxe4 49.Bxf7 Rf4
50.Kg1 Rxf5  1/2-1/2

[Event "10th EICC w"]
[Site "St Petersburg RUS"]
[Date "2009.03.14"]
[Round "7"]
[White "Kovalevskaya,E"]
[Black "Stepovaia Dianchenko,T"]
[Result "1-0"]
[WhiteElo "2442"]
[BlackElo "2379"]

1.Nf3 d5 2.g3 c6 3.Bg2 Nf6 4.O-O Bf5 5.d3 Nbd7 6.Nh4 e6 7.Nxf5 exf5 8.c4 d4
9.e3 dxe3 10.Bxe3 Bd6 11.d4 O-O 12.Qf3 g6 13.Nc3 Re8 14.Rad1 a6 15.Bg5 Qa5
16.Bd2 Qd8 17.Rfe1 Rc8 18.Rxe8+ Qxe8 19.c5 Bf8 20.b4 Qe6 21.Qd3 Nd5 22.Nxd5 cxd5
23.Re1 Qc6 24.Qb3 Nf6 25.Re5 Bg7 26.Bxd5 Qd7 27.Bg5 Rd8 28.Bc4 Qxd4 29.Bxf6 Bxf6
30.Rd5 Rxd5 31.Bxd5 a5 32.bxa5 Qxc5 33.Qxb7 Qe7 34.a6 Qxb7 35.axb7 Be5 36.f4 Bb8
37.Kf2 Kf8 38.Ke3 Ba7+ 39.Kd3 Ke7 40.Kc4 Kd6 41.Bxf7 Kc7 42.Kd3 Kxb7 43.Ke2 Kc6
44.Bg8 h6 45.Bh7 g5 46.Bxf5 gxf4 47.gxf4 Kd5 48.Kf3 Bb8 49.Bg6 Bc7 50.h3 Bd6
51.a4 Bc7 52.Ke3 Bb6+ 53.Kd3 Bc7 54.Bf7+ Kd6 55.Ke4 Ba5 56.Bb3 h5 57.f5 Bd8
58.Kd4 h4 59.Kc4 Kc6 60.Bc2 Bg5 61.a5 Bd8 62.Be4+  1-0

[Event "10th EICC w"]
[Site "St Petersburg RUS"]
[Date "2009.03.14"]
[Round "7"]
[White "Ovod,Ir"]
[Black "Ikonomopoulou,M"]
[Result "0-1"]
[WhiteElo "1777"]
[BlackElo "2052"]

1.Nf3 d5 2.g3 Nc6 3.Bg2 e5 4.d3 f6 5.O-O Be6 6.Nbd2 Qd7 7.e4 Nge7 8.Ne1 O-O-O
9.a3 Bh3 10.b4 h5 11.f3 g6 12.Bb2 Bh6 13.Qe2 g5 14.Rf2 g4 15.Bxh3 gxh3 16.Kh1 Ng6
17.Nb3 h4 18.g4 Nf4 19.Qf1 Rhg8 20.Bc1 dxe4 21.dxe4 Nd4 22.Nc5 Qc6 23.Bxf4 Bxf4
24.Qxh3 b6 25.Ncd3 Qc3 26.Rd1 Be3 27.Rg2 Bg5 28.a4 Ne6 29.Rb1 Qa3 30.a5 Qa2
31.Rb3 Nd4 32.Rb2 Qc4 33.Rf2 Ne6 34.Qf1 Rxd3  0-1

[Event "10th EICC w"]
[Site "St Petersburg RUS"]
[Date "2009.03.14"]
[Round "7"]
[White "Khropova,L"]
[Black "Styazhkina,A"]
[Result "0-1"]
[WhiteElo "2060"]
[BlackElo "1926"]

1.Nf3 d5 2.g3 c6 3.Bg2 Bg4 4.d3 Nd7 5.Nbd2 e6 6.O-O Bd6 7.Qe1 Ne7 8.e4 O-O
9.h3 Bh5 10.g4 Bg6 11.b3 a5 12.a3 b5 13.Bb2 Nc5 14.Qe3 Qc7 15.e5 f6 16.exd6 Qxd6
17.Rfe1 Bf7 18.d4 Nd7 19.c4 Ng6 20.cxb5 cxb5 21.a4 b4 22.Nf1 Rae8 23.Ng3 e5
24.Nf5 Qb8 25.dxe5 fxe5 26.Ng5 d4 27.Qg3 Nf4 28.Nxf7 Rxf7 29.Rac1 Rf6 30.Be4 Ref8
31.Rc2 Kh8 32.Bc1 g6 33.Ne7 Qd6 34.Nc8 Qb8 35.Ne7 Qd6 36.Nc6 d3 37.Bxd3 Qxd3
38.Qxd3 Nxd3 39.Rd1 e4 40.Be3 Kg8 41.Nxa5 N7e5 42.Kg2 Nf3 43.Kh1 Nh4 44.Kg1 Nf3+
45.Kf1 Nh2+ 46.Kg2 Nf3 47.Kh1 Nh4 48.Rdd2 Rf3 49.Kh2 R3f7 50.Re2 Nf3+ 51.Kg3 Ng1
52.Red2 Rf3+ 53.Kh2 Nxh3 54.Nc6 Nhxf2 55.Ne7+ Kg7 56.Nf5+ gxf5 57.Bxf2 fxg4
58.Bg3 h5 59.Rc7+ Kg8 60.Kg2 h4 61.Bxh4 Nf4+ 62.Kg1 e3 63.Rdd7 Ne6 64.Rc6 Re8
65.Rdd6 Nf4 66.Rd7 e2 67.Rc1 Nd3 68.Rb1 g3 69.Kg2 e1=Q 70.Rxe1 Nxe1+ 71.Kg1 Ref8
72.Bxg3 Rxg3+ 73.Kh2 Rg2+ 74.Kh3 Rf1  0-1

[Event "10th EICC"]
[Site "Budva MNE"]
[Date "2009.03.15"]
[Round "9"]
[White "Kozul,Z"]
[Black "Szabo,Krisz1"]
[Result "1-0"]
[WhiteElo "2594"]
[BlackElo "2508"]

1.Nf3 d5 2.g3 Nf6 3.Bg2 c6 4.O-O Bg4 5.d3 Nbd7 6.Nbd2 e5 7.e4 Bd6 8.h3 Bh5
9.exd5 cxd5 10.g4 Bg6 11.Nh4 O-O 12.Nxg6 hxg6 13.Nb3 Qe7 14.g5 Nh7 15.Qg4 Rac8
16.Bxd5 Rxc2 17.h4 Nb6 18.Bg2 f5 19.Qd1 Rfc8 20.Re1 Qf7 21.Nd2 Bc5 22.Rxe5 Qc7
23.Re2 Bxf2+ 24.Kxf2 Qc5+ 25.Kf1 Rxc1 26.Rxc1 Qxc1 27.Qxc1 Rxc1+ 28.Kf2 Rc2
29.Nb3 Rc7 30.d4 Nf8 31.Nc5 Kf7 32.b3 Re7 33.Bxb7 Rxe2+ 34.Kxe2 Ne6 35.Nxe6 Kxe6
36.Kd3 Kd6 37.b4 Kc7 38.Bf3 Kd6 39.h5 Ke6 40.Bd1 Nc8 41.a4 Nd6 42.Bb3+ Ke7
43.Ke3 Nb7 44.Bd5 Nd6 45.Kf4 Kd7 46.Ke5 Ke7 47.Be6 Nb7 48.Bc4 Nd6 49.Be2 Nb7
50.Bf3 Nd6 51.Kd5 Nb7 52.Kc4 Nd6+ 53.Kc5 Ne4+ 54.Bxe4 fxe4 55.Kc4 Kd6 56.Kc3 Kd5
57.a5  1-0

[Event "10th EICC"]
[Site "Budva MNE"]
[Date "2009.03.16"]
[Round "10"]
[White "Vojinovic,J"]
[Black "Matsenko,S"]
[Result "0-1"]
[WhiteElo "2331"]
[BlackElo "2429"]

1.Nf3 d5 2.g3 Nf6 3.Bg2 c6 4.O-O Bf5 5.d3 e6 6.c4 h6 7.Be3 dxc4 8.dxc4 Qxd1
9.Rxd1 Nbd7 10.Nc3 Ng4 11.Bd2 Bc2 12.Rdc1 Bg6 13.Be1 Be7 14.Nd2 f5 15.Nb3 e5
16.h3 Ngf6 17.Bd2 O-O-O 18.Be3 Kb8 19.a3 Bd6 20.Na5 Bc7 21.b4 f4 22.gxf4 exf4
23.Bd4 Ne5 24.Bxe5 Bxe5 25.c5 Bc7 26.Nc4 Bf7 27.Nb2 Rhe8 28.a4 Nd5 29.Nxd5 Bxd5
30.Bxd5 Rxd5 31.Rc2 Rg5+ 32.Kh1 Rge5 33.Nd3 Rxe2 34.Rxe2 Rxe2 35.Kg2 Re4
36.Re1 Rxe1 37.Nxe1 Kc8 38.Kf3 Kd7 39.Nd3 g5 40.Kg4 Ke6 41.Kh5 Kd5 42.Kxh6 Kc4
43.Ne1 Kxb4 44.Kxg5 Kxa4 45.Kf5 Ba5 46.Nd3 Kb3 47.Nc1+ Kc2 48.Ne2 f3 49.Nd4+ Kd3
50.Nxf3 Bc3 51.Ne5+ Bxe5 52.Kxe5 a5 53.f4 a4 54.f5 a3 55.f6 a2 56.f7 a1=Q+
57.Ke6 Qg7 58.Ke7 Qe5+  0-1

[Event "10th EICC w"]
[Site "St Petersburg RUS"]
[Date "2009.03.16"]
[Round "8"]
[White "Kostiukova,L"]
[Black "Galojan,L"]
[Result "0-1"]
[WhiteElo "2235"]
[BlackElo "2316"]

1.Nf3 d5 2.g3 c6 3.Bg2 Nf6 4.O-O g6 5.d4 Bg7 6.Nbd2 O-O 7.b3 Ne4 8.Bb2 Bf5
9.Nh4 c5 10.Nxf5 gxf5 11.c3 cxd4 12.cxd4 Nc6 13.Nf3 Qa5 14.e3 e6 15.Qe2 Rfc8
16.Rfc1 Qb6 17.Ne1 a5 18.Nd3 a4 19.f3 a3 20.Bxa3 Nxd4 21.exd4 Qxd4+ 22.Kh1 Qxd3
23.Rxc8+ Rxc8 24.Qxd3 Nf2+ 25.Kg1 Nxd3 26.Rd1 Ne5 27.Rd2 Nc6 28.Bc5 Bc3 29.Rd3 Bb4
30.Be3 Ne5 31.Rd1 Rc2 32.Rc1 Rxc1+ 33.Bxc1 Nd3 34.Bg5 Kg7 35.Bf1 Bc5+ 36.Kh1 Ne5
37.Kg2 Nc6 38.Bc1 e5 39.a3 Kf6 40.b4 Bd4 41.Bd2 e4 42.b5 Ne5 43.Be2 Nc4 44.Bc1 Bc5
45.a4 Ne3+ 46.Bxe3 Bxe3 47.g4 b6 48.Bd1 fxg4 49.fxe4 dxe4 50.Bxg4 Ke5 51.Bh5 f5
52.Kf1 f4 53.Ke2 Bg1 54.h3 f3+ 55.Kd2 Bd4 56.Ke1 Kf4 57.Kf1 e3  0-1

[Event "10th EICC"]
[Site "Budva MNE"]
[Date "2009.03.17"]
[Round "11"]
[White "Navara,D"]
[Black "Cheparinov,I"]
[Result "1-0"]
[WhiteElo "2638"]
[BlackElo "2679"]

1.g3 d5 2.Nf3 Nf6 3.Bg2 c6 4.O-O Bf5 5.d3 e6 6.c4 Be7 7.Be3 O-O 8.Qb3 Qc7
9.Nc3 dxc4 10.Qxc4 Nbd7 11.Nh4 Nb6 12.Qb3 Bg4 13.h3 Bh5 14.Bf4 Qd7 15.g4 Nfd5
16.Bg3 Bg6 17.Nxg6 hxg6 18.a4 a5 19.d4 Nb4 20.Rad1 f5 21.Be5 Bd6 22.gxf5 gxf5
23.e4 Qe7 24.Bxd6 Qxd6 25.exf5 Rxf5 26.Ne4 Qe7 27.Bf3 N6d5 28.Bg4 Raf8 29.Rde1 b6
30.Bxf5 Rxf5 31.Kh2 Nf4 32.Rg1 Nbd5 33.Rg4 Rh5 34.Rg3 Kh8 35.Reg1 Qh4 36.Qf3 Qe7
37.Rxg7 Qxg7 38.Rxg7 Kxg7 39.Qg4+ Kh6 40.Nf6 Rxh3+ 41.Kg1 Nxf6 42.Qxf4+ Kg6
43.Qd6 Rd3 44.Kg2 Rd2 45.Qg3+ Kf5 46.Qf3+ Kg6 47.Qxc6 Rxd4 48.b3 Rb4 49.Qxe6 b5
50.axb5 Rxb5 51.f4 Rb4 52.Kf3 a4 53.f5+ Kg5 54.Qe3+ Kh5 55.bxa4 Rxa4 56.Qb3 Ra7
57.Qb2 Ra6 58.Qb7 Ra3+ 59.Kf4 Ra4+ 60.Ke5 Ng4+ 61.Ke6 Rf4 62.Qh1+ Kg5 63.Qc1 Nh6
64.f6 Kg4 65.Qe3 Kg5 66.Qd2 Kg4 67.Qe3 Kg5 68.Qg3+ Rg4 69.Qe5+ Kh4 70.Qh2+ Kg5
71.Qe5+ Kh4 72.f7 Nxf7 73.Kxf7 Kh3 74.Kf6 Kg2 75.Kf5 Rg3 76.Qe2+ Kg1 77.Kf4 Rg8
78.Qa2 Rg2 79.Qa1+ Kh2 80.Qh8+ Kg1 81.Qd4+ Kh2 82.Kf3 Kh1 83.Qa1+ Kh2 84.Qe1 Ra2
85.Qh4+ Kg1 86.Qd4+  1-0

[Event "10th EICC"]
[Site "Budva MNE"]
[Date "2009.03.17"]
[Round "11"]
[White "Skoberne,J"]
[Black "Van Wely,L"]
[Result "0-1"]
[WhiteElo "2489"]
[BlackElo "2625"]

1.Nf3 d5 2.g3 Nf6 3.Bg2 Bf5 4.O-O e6 5.c4 c6 6.d3 h6 7.cxd5 exd5 8.Qb3 Qb6
9.Qc2 Be7 10.Nc3 O-O 11.e4 Bh7 12.Be3 Qa6 13.Rfe1 dxe4 14.dxe4 Nbd7 15.a3 Rfe8
16.Rad1 Rad8 17.h3 Bf8 18.Nd4 Nd5 19.Bc1 N7f6 20.f3 Nxc3 21.Qxc3 Bd6 22.Kh2 Qb6
23.Be3 Qc7 24.Bf2 h5 25.h4 Bxe4 26.Rxe4 Rxe4 27.fxe4 Ng4+ 28.Kg1 Be5 29.Bh3 Nxf2
30.Kxf2 Qd6  0-1

[Event "10th EICC w"]
[Site "St Petersburg RUS"]
[Date "2009.03.17"]
[Round "9"]
[White "Fominykh,M"]
[Black "Limontaite,S"]
[Result "1/2-1/2"]
[WhiteElo "2280"]
[BlackElo "2206"]

1.Nf3 d5 2.g3 Nf6 3.Bg2 c6 4.b3 Bg4 5.Bb2 Nbd7 6.d3 Qc7 7.Nbd2 e5 8.h3 Bh5
9.e4 Bb4 10.g4 Bg6 11.a3 Bxd2+ 12.Nxd2 dxe4 13.Nxe4 Nxe4 14.Bxe4 O-O-O 15.Qf3 f6
16.O-O-O Kb8 17.Kb1 Bxe4 18.Qxe4 Nc5 19.Qf5 Qd7 20.f4 Qxf5 21.gxf5 e4 22.b4 Na4
23.dxe4 Rxd1+ 24.Rxd1 Re8 25.Re1 Nxb2 26.Kxb2 g6 27.fxg6 hxg6 28.Kc3 Rh8
29.Re3 Kc7 30.Kd3 Kd6 31.c4 Ke6 32.Rg3 b6 33.Kd4 Rd8+ 34.Kc3 Rh8 35.c5 b5
36.Rxg6 Rxh3+ 37.Kd4 Kf7 38.f5 Rf3 39.Rh6 Kg7 40.Rg6+ Kf7 41.Rh6 Kg7 42.Rg6+ Kf7  1/2-1/2

[Event "3rd Georgi Agzamov Mem"]
[Site "Tashkent AZE"]
[Date "2009.03.17"]
[Round "2"]
[White "Haylaev,A"]
[Black "Egin,V"]
[Result "1/2-1/2"]
[WhiteElo "2073"]
[BlackElo "2439"]

1.Nf3 d5 2.g3 Bg4 3.Bg2 Nd7 4.d4 e6 5.c4 c6 6.b3 Ngf6 7.O-O Bd6 8.Bb2 Qb8
9.Qc2 O-O 10.Nbd2 Bf5 11.Qc3 b5 12.Nh4 Bg4 13.c5 Bc7 14.e4 dxe4 15.Bxe4 Nxe4
16.Nxe4 Qd8 17.f3 Bh5 18.Rae1 Re8 19.Ng2 f6 20.Rd1 Qe7 21.Bc1 Rad8 22.Rfe1 Bf7
23.Bf4 e5 24.Nd6 Rf8 25.dxe5 fxe5 26.Bxe5 Nxe5 27.Qxe5 Qxe5 28.Rxe5 Bd5 29.f4 Bxd6
30.cxd6 Rxd6 31.Ne3  1/2-1/2

[Event "10th EICC w"]
[Site "St Petersburg RUS"]
[Date "2009.03.18"]
[Round "10"]
[White "Minina,V"]
[Black "Khokhlova,E"]
[Result "0-1"]
[WhiteElo "2125"]
[BlackElo "1822"]

1.Nf3 d5 2.g3 c6 3.c4 dxc4 4.Bg2 Nf6 5.a4 e6 6.Na3 Nbd7 7.Nxc4 Nb6 8.b3 Be7
9.O-O O-O 10.d3 Nxc4 11.bxc4 Qc7 12.Bb2 Nd7 13.d4 b6 14.e4 Bb7 15.e5 Rad8
16.Re1 Nb8 17.Qe2 c5 18.Red1 cxd4 19.Bxd4 Nc6 20.Bc3 Rxd1+ 21.Rxd1 Rd8 22.h4 h6
23.Rxd8+ Nxd8 24.Nd4 Bxg2 25.Kxg2 a6 26.Kh2 Nc6 27.Nb3 a5 28.Bb2 Qd7 29.Qe3 Bd8
30.c5 bxc5 31.Nxc5 Qd5 32.Nd3 Bc7 33.Bc3 Qb3 34.Nc5 Qc4 35.Nb7 Qd5 36.Qd2 Qf3
37.Nd6 Bb6 38.Kh3 Bxf2 39.Ne4 Qh1+ 40.Kg4 Qxe4+  0-1

[Event "10th EICC w"]
[Site "St Petersburg RUS"]
[Date "2009.03.18"]
[Round "10"]
[White "Bezgodova,S"]
[Black "Della Rossa,A"]
[Result "1-0"]
[WhiteElo "2214"]
[BlackElo "1868"]

1.Nf3 d5 2.g3 c6 3.Bg2 Bf5 4.O-O Nf6 5.d3 h6 6.Nbd2 e6 7.b3 Be7 8.Bb2 O-O
9.a3 a5 10.c4 Nbd7 11.Rc1 Rc8 12.Rc2 Nc5 13.Qa1 Qb6 14.Bd4 Qd8 15.Rfc1 Ncd7
16.Nf1 Bh7 17.cxd5 exd5 18.Bh3 Ra8 19.Ne3 Re8 20.Nf5 Bf8 21.Ne5 Nxe5 22.Bxe5 Bxf5
23.Bxf5 Bxa3 24.Rd1 Bf8 25.Ra2 Nd7 26.Bc3 Nc5 27.Rb1 b6 28.h4 Nb7 29.Bg4 Nd6
30.Rc2 Nb5 31.Bb2 Qd6 32.Qa4 Na7 33.Bd4 c5 34.Be3 d4 35.Bf4 Qc6 36.Bf3 Qxa4
37.bxa4 Rad8 38.Rxb6 Re6 39.Rcb2 Bd6 40.Bd2 Re5 41.Ra6 Nc8 42.Bxa5 Rde8 43.Bg4 f5
44.Bh5 Rf8 45.Bf3 g5 46.hxg5 hxg5 47.Bb7 Bb8 48.Rg6+ Kh7 49.Rxg5 Kh6 50.f4 c4
51.e4 Rxa5 52.Rh2+  1-0

[Event "10th EICC w"]
[Site "St Petersburg RUS"]
[Date "2009.03.19"]
[Round "11"]
[White "Zaiatz,E"]
[Black "Guramishvili,S"]
[Result "1/2-1/2"]
[WhiteElo "2364"]
[BlackElo "2281"]

1.Nf3 d5 2.g3 Nf6 3.Bg2 e6 4.c4 Be7 5.O-O O-O 6.b3 b6 7.Bb2 Ba6 8.d3 Nbd7
9.Nbd2 c6 10.Re1 Rc8 11.Qc2 b5 12.e4 Qb6 13.h3 Rfd8 14.Rad1 Nh5 15.Bd4 Qb8
16.Bb2 dxc4 17.dxc4 Bc5 18.Bd4 e5 19.Be3 Bxe3 20.Rxe3 b4 21.h4 Re8  1/2-1/2

[Event "TCh-AUT 1st Bundesliga 2008-9"]
[Site "Ansfelden AUT"]
[Date "2009.03.20"]
[Round "9"]
[White "Moser,E"]
[Black "Tratar,M"]
[Result "1/2-1/2"]
[WhiteElo "2397"]
[BlackElo "2497"]

1.g3 d5 2.Nf3 c6 3.Bg2 Bg4 4.O-O Nd7 5.d3 Ngf6 6.Nbd2 e5 7.e4 dxe4 8.dxe4 Bc5
9.h3 Bh5 10.Qe1 O-O 11.Nb3 Be7 12.Nh4 Re8 13.Be3 Nb6 14.Nf5 Bf8 15.Bc5 Nfd7
16.Bxf8 Nxf8 17.a4 Qc7 18.a5 Nc8 19.Qb4 Ne6 20.Rfe1 Rb8 21.Nc5 Nxc5 22.Qxc5 b6
23.axb6 axb6 24.Qe3 f6 25.Bf1 Bf7 26.Red1 Be6 27.Qc3 g6 28.Ne3  1/2-1/2

[Event "TOP 16 GpB"]
[Site "Metz FRA"]
[Date "2009.03.20"]
[Round "1"]
[White "Roos,Dan"]
[Black "Brunner,N"]
[Result "1/2-1/2"]
[WhiteElo "2425"]
[BlackElo "2413"]

1.Nf3 d5 2.g3 Nf6 3.Bg2 c6 4.d3 Bf5 5.O-O h6 6.c4 e6 7.Be3 dxc4 8.dxc4 Nbd7
9.Nc3 Be7 10.a3 a5 11.Qb3 Qc7 12.Na4 Ne4 13.Rfd1 Nec5 14.Nxc5 Nxc5 15.Qc3 Ne4
16.Qc1 e5 17.b4 axb4 18.axb4 O-O 19.Qb2 Bf6 20.c5 Ng5 21.Nxg5 hxg5 22.Bd2 Rxa1
23.Qxa1 Bc2 24.Rc1 Bb3 25.Qa3 Be6 26.Bc3 Bg4 27.Qb2 Rd8 28.Be4 Qd7 29.f3 Bf5
30.Qc2 Be6 31.Kf2 g4 32.Qb2 gxf3 33.exf3 Bg5 34.Ra1 Bc4 35.h4 f5 36.Bc2 Bf6
37.Rd1 Qc8 38.Rxd8+ Qxd8 39.Bb3 Bxb3 40.Qxb3+ Kh8 41.Qe6 Qd3 42.Qe8+  1/2-1/2